000 01025nam a2200289 a 4500
001 000030127
003 DO-SdBNP
005 20250701121839.0
007 ta
008 110429s2006 dr ab 000 0 spa d
040 _aDO-SdBNP
_bspa
_cBNPHU
082 4 _bS623pe
_a378.7293
_222
245 1 0 _aSituación y perspectivas de la internacionaización de la educación superior /
_cThelma Camarera ... [et al].
260 _aSanto Domingo :
_bSEESCYT,
_c2006.
300 _a15 p. ;
_c25 cm.
504 _aBibliografía : p. 14
590 _aInventariado, 2021/MFF
650 4 _aEducación superior
_zRepública Dominicana
_979868
650 4 _aCooperación internacional educativa
_979869
700 1 _aCamarera, Thelma
_956823
700 1 _aAmell, Loraine
_956824
700 1 _aPacheco, Manuel
_956825
700 1 _aGarcía, René
_956826
710 1 _aRepública Dominicana.
_bSecretaría de Estado de Educación Superior, Ciencia y Tecnología
_918778
910 _aValidado. Control de calidad MFF
942 _2ddc
_cLF2
999 _c29619
_d29619